000 00477nam a2200217Ia 4500
001 083747
003 YMCAF
005 20230512161422.0
008 100717s2002 ||||||||||||||||| ||und|d
024 _a83747
035 _a23207
040 _aYMCAF
_beng
_cIN-KoLT
041 _aeng
082 _a005.133C++
_bBAL
100 _aBalagurusamy
245 0 _aObject oriented programming with C ++
250 _a2nd
260 _bTMH
_c2002
300 _a533
942 _2ddc
_cBK
999 _c8454
_d8454